Welcome to CU Library Online Public Access Catalogue (OPAC)

Fasttrack Therapeutics (Record no. 392)

MARC details
000 -LEADER
fixed length control field 00438nam a22001697a 4500
005 - DATE AND TIME OF LATEST TRANSACTION
control field 20241030171513.0
008 - FIXED-LENGTH DATA ELEMENTS--GENERAL INFORMATION
fixed length control field 241030b |||||||| |||| 00| 0 eng d
020 ## - INTERNATIONAL STANDARD BOOK NUMBER
International Standard Book Number 9780853697756
050 ## - LIBRARY OF CONGRESS CALL NUMBER
Classification number R 730.
Item number B87 BUK
245 ## - TITLE STATEMENT
Title Fasttrack Therapeutics
260 ## - PUBLICATION, DISTRIBUTION, ETC.
Place of publication, distribution, etc. London
Name of publisher, distributor, etc. Pharmaceutical Press
Date of publication, distribution, etc. c2009
300 ## - PHYSICAL DESCRIPTION
Extent xii,228p
Other physical details .:ill
500 ## - GENERAL NOTE
General note Includes Index
700 ## - ADDED ENTRY--PERSONAL NAME
Personal name Bukhari, Nadia
700 ## - ADDED ENTRY--PERSONAL NAME
Personal name Kearney, David
942 ## - ADDED ENTRY ELEMENTS (KOHA)
Source of classification or shelving scheme Library of Congress Classification
Koha item type Books
Suppress in OPAC No
999 ## -
-- 392
-- 392
Holdings
Withdrawn status Lost status Source of classification or shelving scheme Damaged status Not for loan Collection Home library Current library Shelving location Date acquired Total checkouts Full call number Barcode Date last seen Copy number Price effective from Koha item type
    Library of Congress Classification     Non-fiction Science Library (Miotso) Science Library (Miotso) General stacks 01/22/2025   R730.B87 BUK SLM00002126 01/22/2025 1 01/22/2025 Books
    Library of Congress Classification     Non-fiction Science Library (Miotso) Science Library (Miotso) General stacks 01/22/2025   R730.B87 BUK SLM00002127 01/22/2025 2 01/22/2025 Books
    Library of Congress Classification     Non-fiction Science Library (Miotso) Science Library (Miotso) General stacks 01/22/2025   R730.B87 BUK SLM00002128 01/22/2025 3 01/22/2025 Books
    Library of Congress Classification     Non-fiction Undergraduate Library (Christ Temple) Undergraduate Library (Christ Temple) General stacks 10/30/2024   R730.B87 BUK ulct00000103 10/30/2024 1 10/30/2024 Books
    Library of Congress Classification     Non-fiction Undergraduate Library (Christ Temple) Undergraduate Library (Christ Temple) General stacks 10/30/2024   R730.B87 BUK ulct00000104 10/30/2024 2 10/30/2024 Books
© 2023-2024 Copyright: Central University Libraries. All Rights Reserved | Created by: Mahone Tech Office